000 00873nam a2200241Ia 4500
003 OSt
005 20251127154811.0
008 210719s2008 xx 000 0 und d
040 _cAL
041 _akan
082 _aK894.8 PUSM
100 _aPUSTAKA LOKADA ANANYARU:
_dಪುಸ್ತಕ ಲೋಕದ ಅನನ್ಯರು
_9177060
245 _aManohara granthamale
_bಮನೋಹರ ಗ್ರಂಥಮಾಲೆ
260 _aBengaluru
_bAbhinava Prakashana
_c2008
300 _ax-58
_bPB
365 _cRs
440 _aChi Shreenivasaraju Nenapina Pustaka-2
_9177061
650 _aKannada Miscellaneous
_9177062
650 _aKannada Miscellaneous
_9177062
700 _aShreedhara Hegde Bhadran:
_dಶ್ರೀಧರ ಹೆಗಡೆ ಭದ್ರನ್
_9177063
906 _aBhadran ; by ; Ed ; granthamale ; Hegde ; Manohara ; Shridhara
942 _2ddc
_cBK
999 _c214984
_d214984